000 00931nam a2200277 i 4500
003 DO-SdBNP
005 20250506090209.0
007 ta
008 250506b2020 sp c|||| |||| 00| 0 spa d
020 _a9788412272819
040 _aDO-SdBNP
_bspa
_cBNPHU
_erda
082 4 _axxx
_bxxx
_222
100 1 _aMorrison, Mateo,
_d1947-
_eautor
_4aut.
_91469
245 1 0 _aJuan Sánchez Lamouth :
_bcomo poeta de la negritud /
_cMateo Morrison ; edición, Bileysi Reyes
264 4 _aMadrid :
_bAmargord Ediciones,
_c©2020.
300 _a57 páginas :
_bretratos ;
_c22 cm.
336 _atexto
_btxt
_2rdacontent
337 _asin mediación
_bn
_2rdamedia
338 _avolumen
_bnc
_2rdacarrier
490 _aColección Autores Dominicanos
500 _aIncluye datos biográficos del autor en las solapas
590 _aInventariado, 2025/BT
700 1 _aReyes, Bileysi,
_eeditor
_4ed.
_984582
910 _aBtavárez
942 _2ddc
_cLBS1
999 _c58928
_d58928